000 00400pab a2200145 454500
008 180718b2002 xxu||||| |||| 00| 0 eng d
100 _aMbodj, El Hadj
245 _aProspects for partnership among African cities
260 _c2002
300 _ap.233-38.
650 _aUrban development - Africa
650 _aUrban development
773 _aInternational Social Science Journal
909 _a53284
999 _c53284
_d53284